Sanat - "Sä puhuit enkeleistä" - Bee - Statistics

Yleistilastot
  • Tätä visaa on pelattu 133 kertaa
  • Keskiarvotulos 127 / 176
Vastaustilastot
Vastaus % Oikein
en
100%
enkeleistä
100%
puhuit
100%
100%
100%
ei
91%
89%
oo
89%
enää
86%
sun
86%
niitä
82%
ja
81%
täällä
80%
yksi
80%
jo
76%
olevasi
76%
toivoit
76%
kun
75%
niistä
75%
on
75%
et
74%
pilven
73%
sulle
73%
kuinka
72%
kai
70%
vaan
69%
kukaan
68%
kaiken
67%
mitä
67%
parempi
67%
kestävä
66%
onko
66%
tiedä
66%
hyvä
65%
suotu
65%
tatuoitu
65%
päällä
64%
yletä
64%
kipu
63%
melankolia
63%
suhun
63%
vihdoin
63%
horjut
61%
mietit
61%
ihoon
60%
sanoa
60%
mut
59%
ehkä
57%
mua
57%
ois
57%
puolesta
57%
rukoilen
57%
siellä
57%
usko
57%
alussa
56%
ikävä
56%
jumalaan
56%
mietin
56%
pitää
56%
kädestä
55%
kiinni
55%
sua
55%
hiljaa
53%
iltaisin
53%
koitan
53%
nyt
53%
pidin
53%
tekisin
53%
haluu
52%
katsotko
52%
kova
51%
vieressä
50%
ylhäältä
50%
herätä
49%
sullakin
49%
pyyhin
48%
Enkeleitä
45%
enkeleitä
45%
mun
45%
ilman
44%
kyyneleitäs
42%
yksinään
42%
nään
38%
sut
38%
ainoa
35%
paikka
35%
unet
35%
jossa
34%
katsothan
32%
perään
32%
reunalta
18%
Ehtoja vastaavia visoja ei löytynyt
Tulosjakauma
Jokaisen tuloksen saaneiden osuus
Persentiili vastausten määrän mukaan
Tuloshistoriasi
Et ole pelannut tätä visaa